Trigonometría, límites, continuidad, derivadas /
Guardado en:
| Autor Principal: | |
|---|---|
| Otros Autores: | , |
| Formato: | Libro |
| Publicado: |
Buenos Aires :
Estrada,
1969
|
| Edición: | 4a. ed. |
| Materias: | |
| Etiquetas: |
Agregar Etiqueta
Sin Etiquetas, Sea el primero en etiquetar este registro!
|
| LEADER | 02399nam a22002895a 4500 | ||
|---|---|---|---|
| 001 | CEM.cems017974 | ||
| 005 | 20130322111338.0 | ||
| 008 | 130507s1969##################000#0#####d | ||
| 003 | CEMS | ||
| 082 | 0 | 4 | |a 516.24 |
| 100 | 1 | |a Alcantara, Lidia E. | |
| 245 | 1 | 0 | |a Trigonometría, límites, continuidad, derivadas / |c Lidia E. Alcantara, Raquel T. Lomazzi y Félix Mina |
| 250 | |a 4a. ed. | ||
| 260 | |a Buenos Aires : |b Estrada, |c 1969 | ||
| 300 | |a 339 p. | ||
| 500 | |a De acuerdo con el programa oficial del 5to. año del Bachillerato | ||
| 505 | 0 | |a Trigonometría -- Medición de ángulos -- Funciones trigonométricas -- Circunferencia o círculo trigonométrico -- Variación de las funciones trigonométricas -- Valores numéricos de las funciones trigométricas -- Relaciones entre las funciones trigonométricas de un mismo ángulo -- Relaciones entre las funciones trigonométricas -- Reducción de ángulos al primer cuadrante -- Proyección ortogonal sobre un eje -- Funciones trigonométricas de la suma y diferencia de dos ángulos -- Números complejos expresados trigonométricamente -- Funciones trigonométricas del duplo de un ángulo -- Funciones trigonométricas de la mitad de un ángulo -- Transformación en productos de la suma y diferencia de dos funciones trigonométricas -- Triángulos oblicuángulos -- Tablas de valores naturales de las funciones trigonométricas -- Tablas de logaritmos de las funciones trigonométricas -- Tablas de logaritmos de las funciones del triángulo rectángulo -- Resolución trigonométrica de triángulos rectángulos -- Problemas que aplican la resolución de triángulos rectángulos -- Resolución trigonométrica de triángulos oblicuángulos planos -- Problemas que se resuelven aplicando triángulos oblicuángulos planos -- Triángulos esféricos -- Nociones sobre límite de una sucesión -- Nociones sobre funciones de variable real -- Nociones sobre límite de una función -- Nociones sobre continuidad -- Nociones sobre derivadas -- Máximos y mínimos -- Idea de antiderivada o función primitiva | |
| 653 | |a Matemática | ||
| 653 | |a Matemática-polimodal | ||
| 653 | |a Matemática-5to. año | ||
| 653 | |a Trigonometría | ||
| 653 | |a Límites | ||
| 653 | |a Continuidad | ||
| 653 | |a Derivadas | ||
| 700 | 1 | |a Lomazzi, Lidia E. | |
| 700 | 1 | |a Mina, Félix | |
| 859 | |a CEMS |b BIB. CEMS - Agricultura |h 516.24 |i Al16a4 |p A1818.13 |t Ej.1 | ||
